000 005480000a22002170004500
005 20120302054416.0
942 _cBOOK
245 _a Bharatiya Itihaas Aani Sanskriti
260 _aMumbai:Achuta Ramchandra Taari,1982.
300 _a80p.
040 _aMAR
365 _b1/-
650 _aSankirna
650 _aTrimaasik-Bhartiya Itihaas
650 _aUttar-Shinde Raajwat
650 _aMaharashtra Swadeshi Chalwal
650 _aSanskriti
650 _aSantajicha Parakrama
650 _aGunfaa-Shilpe
650 _aKille-Dev-Devataa
999 _c345546
_d345543